[Event "22. Torneo Int. Collado Villalba"]
[Site "Collado Villalba ESP"]
[Date "2005.08.24"]
[Round "5.6"]
[White "Martin Rueda, Daniel"]
[Black "Pogorelov, Ruslan"]
[Result "1-0"]
[WhiteElo "2279"]
[BlackElo "2442"]
[PlyCount "77"]
[EventDate "2005.08.20"]
[EventType "swiss"]
[EventRounds "9"]
[EventCountry "ESP"]
[Source "lmi"]
[SourceDate "2005.08.27"]

1. e4 c5 2. Nf3 e6 3. d3 Nc6 4. g3 g6 5. Bg2 Bg7 6. h4 h6 7. c3 Nge7 8. O-O d5
9. Nbd2 b6 10. Re1 a5 11. a4 Ba6 12. exd5 exd5 13. d4 O-O 14. Nb3 c4 15. Nbd2
Ra7 16. Nf1 Bc8 17. b3 cxb3 18. Qxb3 Be6 19. Ne3 Rb7 20. Nc2 Nc8 21. Na3 Nd6
22. Nb5 Nxb5 23. axb5 Ne7 24. Ne5 Qc8 25. Ba3 Bxe5 26. Rxe5 Rd8 27. h5 g5 28.
c4 dxc4 29. Qf3 Nd5 30. Rae1 Qd7 31. Rxe6 fxe6 32. Bh3 Re8 33. Rxe6 Nf4 34.
Rg6+ Nxg6 35. Bxd7 Rxd7 36. hxg6 Rc8 37. Qf5 Rdc7 38. Qe6+ Kg7 39. Be7 1-0

[Event "22. Torneo Int. Collado Villalba"]
[Site "Collado Villalba ESP"]
[Date "2005.08.24"]
[Round "5.7"]
[White "Zambrana, Oswaldo"]
[Black "Madina, Martin"]
[Result "1-0"]
[WhiteElo "2421"]
[BlackElo "2262"]
[PlyCount "135"]
[EventDate "2005.08.20"]
[EventType "swiss"]
[EventRounds "9"]
[EventCountry "ESP"]
[Source "lmi"]
[SourceDate "2005.08.27"]

1. e4 c5 2. Nf3 e6 3. d4 cxd4 4. Nxd4 a6 5. c4 Ne7 6. Nc3 Nec6 7. Nc2 d6 8. Be2
Be7 9. O-O O-O 10. Be3 Nd7 11. f4 b6 12. Bf3 Bb7 13. Rc1 Re8 14. Qd2 Bf8 15.
Rfd1 Ncb8 16. Qf2 Qc7 17. Na3 g6 18. b4 Nc6 19. Nd5 Qb8 20. Nxb6 Nxb6 21. Bxb6
Nxb4 22. Rb1 Nc6 23. c5 e5 24. cxd6 Bxd6 25. Nc4 Bf8 26. Bc5 Bxc5 27. Qxc5 Qa7
28. Qxa7 Rxa7 29. Rd7 Bc8 30. Rxa7 Nxa7 31. Nxe5 Nb5 32. a4 Nd4 33. Rb6 Kg7 34.
Kf2 a5 35. Bd1 f6 36. Nc4 Rxe4 37. g3 Re7 38. Nxa5 Rc7 39. Rd6 Nf5 40. Rc6 Rd7
41. Bg4 Rd8 42. Rc7+ Kh6 43. Nc6 Re8 44. a5 Ba6 45. Nb4 Ne3 46. Bf3 Bb5 47. a6
Bxa6 48. Nxa6 Nf5 49. Nc5 Rb8 50. Ne4 Rb2+ 51. Ke1 Nd4 52. Bd1 g5 53. Rd7 Nf5
54. Nxf6 gxf4 55. gxf4 Kg6 56. Ng4 h5 57. Ne5+ Kf6 58. Rd2 Rb4 59. Nd3 Rb1 60.
Kf2 h4 61. Bg4 Ne7 62. Rb2 Rh1 63. Rb6+ Kg7 64. h3 Rh2+ 65. Kf3 Nd5 66. Rd6 Nc3
67. Rd7+ Kf6 68. Ne5 1-0

[Event "22. Torneo Int. Collado Villalba"]
[Site "Collado Villalba ESP"]
[Date "2005.08.24"]
[Round "5.8"]
[White "Pastor Alonso De Prado, Alberto"]
[Black "Roa Alonso, Santiago"]
[Result "1-0"]
[WhiteElo "2206"]
[BlackElo "2383"]
[PlyCount "77"]
[EventDate "2005.08.20"]
[EventType "swiss"]
[EventRounds "9"]
[EventCountry "ESP"]
[Source "lmi"]
[SourceDate "2005.08.27"]

1. d4 Nf6 2. Nc3 g6 3. e4 d6 4. Nf3 Bg7 5. Be2 O-O 6. h3 c6 7. O-O Nbd7 8. Re1
Qc7 9. a4 e5 10. Bf1 Re8 11. d5 a5 12. Nd2 Nb6 13. Nc4 Nxc4 14. Bxc4 Nh5 15.
Ne2 c5 16. g4 Nf4 17. Nxf4 exf4 18. Bxf4 Bxb2 19. Rb1 Bc3 20. Re2 f6 21. Qd3
Be5 22. Bd2 g5 23. f3 Rb8 24. Qb3 b6 25. Bxa5 Bxg4 26. Bxb6 Rxb6 27. Qxb6 Qxb6
28. Rxb6 Bxf3 29. Re1 h5 30. Reb1 Kg7 31. Rb8 Bd4+ 32. Kf1 Rxe4 33. R1b7+ Kg6
34. Bd3 Be2+ 35. Bxe2 Rf4+ 36. Ke1 Bc3+ 37. Kd1 Rxa4 38. Bd3+ f5 39. Rg8+ 1-0

[Event "22. Torneo Int. Collado Villalba"]
[Site "Collado Villalba ESP"]
[Date "2005.08.24"]
[Round "5.9"]
[White "Perez Gonzalez, Jose Manuel"]
[Black "Cruz, Filemon"]
[Result "1-0"]
[WhiteElo "2278"]
[BlackElo "2370"]
[PlyCount "63"]
[EventDate "2005.08.20"]
[EventType "swiss"]
[EventRounds "9"]
[EventCountry "ESP"]
[Source "lmi"]
[SourceDate "2005.08.27"]

1. e4 e6 2. d4 d5 3. Nc3 Bb4 4. e5 b6 5. Bd2 Ne7 6. Nce2 Bxd2+ 7. Qxd2 Ba6 8.
Nf3 c5 9. c3 Nbc6 10. Nf4 Bxf1 11. Kxf1 O-O 12. g3 Rc8 13. Kg2 Nf5 14. h4 cxd4
15. cxd4 Qe7 16. g4 Nh6 17. Kg3 Rc7 18. Ng5 Rfc8 19. Qd3 g6 20. a3 Na5 21. Nh5
Nc4 22. Nf6+ Kg7 23. Qe2 Na5 24. h5 Rc2 25. Qf1 Rh8 26. Ngxh7 g5 27. Rc1 Rxb2
28. Rc3 Nb3 29. Qd3 Nd2 30. Qe3 Ne4+ 31. Nxe4 dxe4 32. Nf6 1-0

[Event "22. Torneo Int. Collado Villalba"]
[Site "Collado Villalba ESP"]
[Date "2005.08.24"]
[Round "5.10"]
[White "Belezky, Sasha"]
[Black "Bruned, Boris"]
[Result "1-0"]
[WhiteElo "2361"]
[BlackElo "2212"]
[PlyCount "89"]
[EventDate "2005.08.20"]
[EventType "swiss"]
[EventRounds "9"]
[EventCountry "ESP"]
[Source "lmi"]
[SourceDate "2005.08.27"]

1. d4 Nf6 2. Nf3 e6 3. c4 b6 4. e3 Bb7 5. Bd3 Be7 6. O-O O-O 7. Nc3 d5 8. cxd5
exd5 9. b3 Nbd7 10. Bb2 Re8 11. Rc1 a6 12. Ne2 Bd6 13. Ng3 g6 14. Rc2 Qe7 15.
Qa1 Rac8 16. Rfc1 Ng4 17. Nf1 h5 18. h3 Nh6 19. Ne5 Nf6 20. Nc6 Qd7 21. a4 h4
22. Ba3 Ne4 23. Bxd6 cxd6 24. Bxe4 Rxc6 25. Rxc6 Bxc6 26. Bd3 Bb7 27. Nd2 f5
28. Nf3 Qe7 29. Qc3 Rc8 30. Qd2 Rxc1+ 31. Qxc1 Kg7 32. Nxh4 Qxh4 33. Qc7+ Nf7
34. Qxb7 f4 35. exf4 Qxf4 36. Qxd5 Qc1+ 37. Bf1 Qd1 38. g3 a5 39. Kg2 Qe1 40.
Bc4 Qe7 41. Qxf7+ Qxf7 42. Bxf7 Kxf7 43. d5 Kf6 44. f4 Kf5 45. Kf3 1-0

[Event "22. Torneo Int. Collado Villalba"]
[Site "Collado Villalba ESP"]
[Date "2005.08.25"]
[Round "6.2"]
[White "Martin Rueda, Daniel"]
[Black "Neelotpal, Das"]
[Result "0-1"]
[WhiteElo "2279"]
[BlackElo "2467"]
[PlyCount "94"]
[EventDate "2005.08.20"]
[EventType "swiss"]
[EventRounds "9"]
[EventCountry "ESP"]
[Source "lmi"]
[SourceDate "2005.08.27"]

1. d4 d5 2. Nf3 c6 3. c4 Nf6 4. e3 Bf5 5. Nc3 e6 6. Nh4 Be4 7. f3 Bg6 8. Nxg6
hxg6 9. Qb3 Qc7 10. g3 Nbd7 11. Bd2 Be7 12. Rc1 Nb6 13. cxd5 exd5 14. Bd3 Qd7
15. a4 Nc8 16. a5 Bd6 17. Ne2 Nh5 18. Kf2 Ne7 19. Bb4 Rb8 20. Bxd6 Qxd6 21. Qa3
Qd7 22. b4 g5 23. Rc5 g4 24. f4 b6 25. Rcc1 b5 26. Qb3 Nf6 27. Qb1 g6 28. Qc2
O-O 29. Rhe1 Kg7 30. Nc3 Rh8 31. Rh1 Rh5 32. Kg2 Rbh8 33. Rce1 Rd8 34. Nd1 Nc8
35. Nf2 Nd6 36. Rc1 Qe6 37. Rce1 Qd7 38. Rc1 Nc4 39. Bxc4 bxc4 40. Rb1 a6 41.
Rbe1 Rb8 42. e4 dxe4 43. Qxc4 Rhb5 44. Nxe4 Nxe4 45. Rxe4 Rxb4 46. Qd3 Qd5 47.
Rhe1 f5 0-1

[Event "22. Torneo Int. Collado Villalba"]
[Site "Collado Villalba ESP"]
[Date "2005.08.25"]
[Round "6.3"]
[White "Belezky, Sasha"]
[Black "Timoshenko, Georgy"]
[Result "0-1"]
[WhiteElo "2361"]
[BlackElo "2543"]
[PlyCount "66"]
[EventDate "2005.08.20"]
[EventType "swiss"]
[EventRounds "9"]
[EventCountry "ESP"]
[Source "lmi"]
[SourceDate "2005.08.27"]

1. e4 c5 2. Nf3 Nc6 3. d3 d6 4. g3 g6 5. Bg2 Bg7 6. O-O Nf6 7. Re1 O-O 8. e5
Ng4 9. exd6 exd6 10. c3 h6 11. Na3 Rb8 12. Nc2 Nge5 13. Nxe5 dxe5 14. Be3 Qd6
15. d4 Bf5 16. d5 Ne7 17. Na3 b5 18. c4 a6 19. cxb5 axb5 20. Qc1 c4 21. Bxh6
Nxd5 22. Bxg7 Kxg7 23. Qd2 Bd3 24. Bxd5 Qxd5 25. Nc2 Rbd8 26. Nb4 Qc5 27. Qc3
f6 28. Re3 Bf5 29. a4 bxa4 30. Rxa4 Rd1+ 31. Re1 Rfd8 32. Ra1 R8d2 33. Rf1
Qxf2+ 0-1

[Event "22. Torneo Int. Collado Villalba"]
[Site "Collado Villalba ESP"]
[Date "2005.08.25"]
[Round "6.4"]
[White "Bruned, Yvain"]
[Black "Moreno Ruiz, Javier"]
[Result "0-1"]
[WhiteElo "2328"]
[BlackElo "2503"]
[PlyCount "116"]
[EventDate "2005.08.20"]
[EventType "swiss"]
[EventRounds "9"]
[EventCountry "ESP"]
[Source "lmi"]
[SourceDate "2005.08.27"]

1. e4 c5 2. Nf3 Nc6 3. d4 cxd4 4. Nxd4 g6 5. Nc3 Bg7 6. Be3 Nf6 7. Bc4 Qa5 8.
O-O O-O 9. Nb3 Qc7 10. Bg5 a6 11. Be2 d6 12. Bxf6 exf6 13. Nd5 Qd8 14. f4 f5
15. exf5 Bxb2 16. Rb1 Bg7 17. fxg6 hxg6 18. a4 Be6 19. Bf3 Rc8 20. Kh1 Re8 21.
Qd2 Ne7 22. Nxe7+ Rxe7 23. Nd4 Bc4 24. Rfd1 d5 25. f5 Qd6 26. a5 Rce8 27. Rb6
Qf4 28. g3 Re1+ 29. Rxe1 Qxd2 30. Rxe8+ Kh7 31. fxg6+ fxg6 32. Ne2 Bd4 33.
Rxb7+ Kh6 34. Kg2 Qe1 35. Kh3 Kg5 36. Nxd4 Qxe8 37. Kg2 Qe1 38. h4+ Kh6 39. g4
Bf1+ 40. Kg1 Bh3+ 41. Kh2 Qxh4 42. Rb6 Bxg4+ 43. Kg1 Qe1+ 44. Kg2 Qxa5 45. Rc6
Bxf3+ 46. Nxf3 Qa4 47. Rc5 a5 48. Rxd5 Qxc2+ 49. Rd2 Qb3 50. Kg3 a4 51. Rh2+
Kg7 52. Kg4 a3 53. Ng5 Qc4+ 54. Kg3 Qc7+ 55. Kg2 Qxh2+ 56. Kxh2 a2 57. Ne6+ Kg8
58. Nf4 a1=Q 0-1

[Event "22. Torneo Int. Collado Villalba"]
[Site "Collado Villalba ESP"]
[Date "2005.08.25"]
[Round "6.5"]
[White "Longa, Javier"]
[Black "Rivas Pastor, Manuel"]
[Result "0-1"]
[WhiteElo "2318"]
[BlackElo "2445"]
[PlyCount "114"]
[EventDate "2005.08.20"]
[EventType "swiss"]
[EventRounds "9"]
[EventCountry "ESP"]
[Source "lmi"]
[SourceDate "2005.08.27"]

1. d4 Nf6 2. c4 e6 3. Nc3 Bb4 4. e3 c5 5. a3 Bxc3+ 6. bxc3 Nc6 7. Bd3 b6 8. Nf3
d6 9. e4 e5 10. h3 h6 11. O-O g5 12. Bc2 Bd7 13. Be3 Qc7 14. d5 Na5 15. Nd2 Rg8
16. g4 h5 17. f3 O-O-O 18. Ba4 Rg7 19. Kf2 Rh8 20. Ke2 Nh7 21. Kd3 Nf8 22. Rf2
f6 23. Bxd7+ Qxd7 24. a4 hxg4 25. hxg4 Rgh7 26. Qb1 Ng6 27. Nb3 Rh1 28. Qa2
Rxa1 29. Nxa1 Rh3 30. Nb3 Nxb3 31. Qxb3 Nh4 32. Qd1 Kb7 33. Ke2 Nxf3 34. Rxf3
Qxg4 35. Qf1 Rg3 36. a5 bxa5 37. Qh1 a4 38. Bc1 Qxe4+ 39. Kf2 Qxf3+ 40. Qxf3
Rxf3+ 41. Kxf3 f5 42. Ba3 Kc7 43. Bc1 Kd7 44. Kg3 Ke8 45. Kf3 Kf7 46. Kg3 Kg6
47. Kf3 g4+ 48. Kg3 Kh5 49. Ba3 f4+ 50. Kg2 Kg6 51. Kf2 Kf5 52. Ke2 e4 53. Kf2
g3+ 54. Ke2 f3+ 55. Ke3 g2 56. Kf2 e3+ 57. Kg1 e2 0-1

[Event "22. Torneo Int. Collado Villalba"]
[Site "Collado Villalba ESP"]
[Date "2005.08.25"]
[Round "6.6"]
[White "Zambrana, Oswaldo"]
[Black "Bermejo Collado, Julian"]
[Result "1-0"]
[WhiteElo "2421"]
[BlackElo "2318"]
[PlyCount "77"]
[EventDate "2005.08.20"]
[EventType "swiss"]
[EventRounds "9"]
[EventCountry "ESP"]
[Source "lmi"]
[SourceDate "2005.08.27"]

1. e4 d6 2. d4 g6 3. Nc3 Bg7 4. f4 Nc6 5. Be3 Nf6 6. Nf3 O-O 7. Be2 e6 8. h3
Ne7 9. g4 b6 10. g5 Nd7 11. Qd2 Bb7 12. O-O-O c5 13. h4 a6 14. h5 Re8 15. hxg6
hxg6 16. Rh3 Rc8 17. Rdh1 cxd4 18. Bxd4 e5 19. Bxa6 exd4 20. Qh2 Kf8 21. Rh7
Ng8 22. Bxb7 dxc3 23. Bxc8 Qxc8 24. f5 Qc5 25. Rxg7 Qe3+ 26. Kb1 Kxg7 27. Qh8+
Kf8 28. f6 Ndxf6 29. gxf6 Rxe4 30. Qg7+ Ke8 31. Qxg8+ Kd7 32. Qxf7+ Kc6 33. Rd1
Qxf3 34. Qd5+ Kc7 35. Qxd6+ Kb7 36. Qd7+ Kb8 37. Qd8+ Kb7 38. Rd7+ Ka6 39. Qa8+
1-0

[Event "22. Torneo Int. Collado Villalba"]
[Site "Collado Villalba ESP"]
[Date "2005.08.25"]
[Round "6.7"]
[White "Gonzalez Menendez, Ivan"]
[Black "Perez Gonzalez, Jose Manuel"]
[Result "1/2-1/2"]
[WhiteElo "2381"]
[BlackElo "2278"]
[PlyCount "55"]
[EventDate "2005.08.20"]
[EventType "swiss"]
[EventRounds "9"]
[EventCountry "ESP"]
[Source "lmi"]
[SourceDate "2005.08.27"]

1. e4 d6 2. d4 Nf6 3. Nc3 g6 4. f4 Bg7 5. Nf3 c5 6. Bb5+ Bd7 7. e5 Ng4 8. Bxd7+
Qxd7 9. d5 dxe5 10. h3 e4 11. hxg4 exf3 12. Qxf3 Na6 13. Bd2 O-O-O 14. O-O-O
Nb4 15. Ne4 Qa4 16. Bxb4 cxb4 17. Kb1 Kb8 18. Ng5 Rc8 19. Qb3 Qxb3 20. axb3 h6
21. Nf3 Rhd8 22. Rhe1 Rd7 23. Ne5 Bxe5 24. Rxe5 e6 25. Rd3 exd5 26. Rdxd5 Rxd5
27. Rxd5 Re8 28. Kc1 1/2-1/2

[Event "22. Torneo Int. Collado Villalba"]
[Site "Collado Villalba ESP"]
[Date "2005.08.25"]
[Round "6.8"]
[White "Caruana, Fabiano"]
[Black "Pastor Alonso De Prado, Alberto"]
[Result "1-0"]
[WhiteElo "2381"]
[BlackElo "2206"]
[PlyCount "127"]
[EventDate "2005.08.20"]
[EventType "swiss"]
[EventRounds "9"]
[EventCountry "ESP"]
[Source "lmi"]
[SourceDate "2005.08.27"]

1. e4 e5 2. Bc4 Nf6 3. d3 Nc6 4. Nf3 Be7 5. O-O d6 6. Re1 Na5 7. Nc3 c6 8. h3
O-O 9. a3 Nxc4 10. dxc4 Qc7 11. Qe2 Ne8 12. b3 g6 13. Bh6 Ng7 14. Rad1 f6 15.
Nh2 Rf7 16. f4 Ne6 17. Rf1 Nd4 18. Qd3 f5 19. Nf3 Bf6 20. Rde1 Bd7 21. Kh1 Re8
22. Qd2 a6 23. Ng5 Rfe7 24. exf5 Nxf5 25. Nge4 Bh4 26. Bg5 Bxe1 27. Rxe1 Rf7
28. Nf6+ Rxf6 29. Bxf6 Ng3+ 30. Kh2 Nh5 31. fxe5 dxe5 32. Ne4 Bf5 33. Bg5 Bxe4
34. Rxe4 Qf7 35. Qe3 Qe6 36. a4 Nf6 37. Bxf6 Qxf6 38. b4 Kf7 39. b5 Re7 40.
bxa6 bxa6 41. Qb6 a5 42. Qxa5 Qf5 43. Qe1 Kf6 44. Qe3 Rd7 45. a5 Rd1 46. g4 Qd7
47. g5+ Kf7 48. Rxe5 Qd2+ 49. Kg3 Qxe3+ 50. Rxe3 Ra1 51. Re5 Ra4 52. Rc5 Ke7
53. Rxc6 Rxa5 54. h4 Kd7 55. Rf6 Ra2 56. Rf7+ Ke6 57. Rxh7 Rxc2 58. Rc7 Rc3+
59. Kf4 Kd6 60. Rc8 Kd7 61. Rc5 Kd6 62. Rd5+ Ke6 63. Re5+ Kf7 64. Re4 1-0

[Event "22. Torneo Int. Collado Villalba"]
[Site "Collado Villalba ESP"]
[Date "2005.08.25"]
[Round "6.9"]
[White "Suba, Mihai"]
[Black "Ruiz Saiz, Agustin"]
[Result "1-0"]
[WhiteElo "2520"]
[BlackElo "2251"]
[PlyCount "51"]
[EventDate "2005.08.20"]
[EventType "swiss"]
[EventRounds "9"]
[EventCountry "ESP"]
[Source "lmi"]
[SourceDate "2005.08.27"]

1. Nf3 f5 2. g3 g6 3. Bg2 Bg7 4. d4 Nf6 5. O-O O-O 6. c4 d6 7. Nc3 Qe8 8. b3 c6
9. Qc2 Na6 10. Ba3 Rb8 11. e4 b5 12. e5 b4 13. exf6 Bxf6 14. Bb2 bxc3 15. Bxc3
e5 16. dxe5 dxe5 17. Bxe5 Bxe5 18. Rae1 Nb4 19. Qb1 f4 20. Nxe5 Bf5 21. Qc1 Qc8
22. Qxf4 Bd3 23. Qh6 Bxf1 24. Nxg6 Qd8 25. Nxf8 Bxg2 26. Nxh7 1-0

[Event "22. Torneo Int. Collado Villalba"]
[Site "Collado Villalba ESP"]
[Date "2005.08.25"]
[Round "6.10"]
[White "Minzer, Claudio Javier"]
[Black "Kalashnikov, Alexey L"]
[Result "1-0"]
[WhiteElo "2428"]
[BlackElo "2214"]
[PlyCount "37"]
[EventDate "2005.08.20"]
[EventType "swiss"]
[EventRounds "9"]
[EventCountry "ESP"]
[Source "lmi"]
[SourceDate "2005.08.27"]

1. Nf3 e6 2. c4 d5 3. d4 c5 4. cxd5 exd5 5. Bg5 Be7 6. Bxe7 Nxe7 7. Nc3 cxd4 8.
Nxd4 O-O 9. e3 Nbc6 10. Bb5 Be6 11. O-O Qd6 12. Rc1 Rfd8 13. Bxc6 Nxc6 14. Ncb5
Qd7 15. Nxc6 bxc6 16. Nd4 Rdc8 17. Rc5 Rab8 18. Qc2 Qb7 19. Nxc6 1-0

[Event "22. Torneo Int. Collado Villalba"]
[Site "Collado Villalba ESP"]
[Date "2005.08.25"]
[Round "6.11"]
[White "Elissalt Cardenas, Hector"]
[Black "Guerrero Villanueva, David"]
[Result "1-0"]
[WhiteElo "2317"]
[BlackElo "1898"]
[PlyCount "55"]
[EventDate "2005.08.20"]
[EventType "swiss"]
[EventRounds "9"]
[EventCountry "ESP"]
[Source "lmi"]
[SourceDate "2005.08.27"]

1. Nf3 d5 2. c4 e6 3. d4 c6 4. Nbd2 Nf6 5. g3 Nbd7 6. Bg2 Bd6 7. O-O O-O 8. b3
Re8 9. Bb2 Ne4 10. Qc2 f5 11. Ne1 h5 12. Ndf3 g5 13. Ne5 g4 14. N1d3 Qf6 15. f3
gxf3 16. exf3 Ng5 17. Qe2 Bxe5 18. dxe5 Qh8 19. cxd5 cxd5 20. h4 Nf7 21. Rac1
b6 22. Rc7 Qg7 23. Kh2 Nd8 24. Nf4 Qh6 25. Rfc1 Nc5 26. b4 Ba6 27. Qc2 Ncb7 28.
Qa4 1-0

[Event "22. Torneo Int. Collado Villalba"]
[Site "Collado Villalba ESP"]
[Date "2005.08.25"]
[Round "6.15"]
[White "Pogorelov, Ruslan"]
[Black "Labarta Gonzalez, Ivan B"]
[Result "1-0"]
[WhiteElo "2442"]
[BlackElo "2103"]
[PlyCount "67"]
[EventDate "2005.08.20"]
[EventType "swiss"]
[EventRounds "9"]
[EventCountry "ESP"]
[Source "lmi"]
[SourceDate "2005.08.27"]

1. Nf3 d6 2. d4 Bg4 3. c4 Bxf3 4. exf3 g6 5. Be3 Bg7 6. Qd2 e5 7. dxe5 dxe5 8.
Qxd8+ Kxd8 9. Nc3 Ne7 10. O-O-O+ Kc8 11. g4 Rd8 12. Bh3 Nd7 13. g5 Nf5 14. Ne4
b6 15. f4 Kb7 16. Bg2 c6 17. Nd6+ Nxd6 18. Rxd6 exf4 19. Bxc6+ Kc7 20. Bxf4 Ne5
21. Rxd8 Rxd8 22. Bd5 Rd7 23. Re1 Re7 24. Kc2 Kd7 25. h3 Ke8 26. b4 Nd7 27.
Rxe7+ Kxe7 28. Be3 Be5 29. c5 Bc7 30. a4 Nf8 31. Kd3 Ne6 32. Bxe6 Kxe6 33. cxb6
axb6 34. Kc4 1-0

[Event "22. Torneo Int. Collado Villalba"]
[Site "Collado Villalba ESP"]
[Date "2005.08.25"]
[Round "6.25"]
[White "Rodriguez De Castro, Ayar"]
[Black "Arribas Lopez, Angel"]
[Result "1/2-1/2"]
[WhiteElo "2099"]
[BlackElo "2140"]
[PlyCount "89"]
[EventDate "2005.08.20"]
[EventType "swiss"]
[EventRounds "9"]
[EventCountry "ESP"]
[Source "lmi"]
[SourceDate "2005.08.27"]

1. d4 Nf6 2. c4 g6 3. g3 Bg7 4. Bg2 O-O 5. Nf3 d6 6. O-O Nbd7 7. Nc3 c6 8. e4
e5 9. h3 Re8 10. d5 Nc5 11. Bg5 a5 12. Re1 h6 13. Bxf6 Qxf6 14. Na4 Nxa4 15.
Qxa4 Bd7 16. Re3 b5 17. Qc2 cxd5 18. cxd5 Rec8 19. Rc3 b4 20. Rxc8+ Rxc8 21.
Qd1 h5 22. Rc1 Qd8 23. Qd2 Rc7 24. Ne1 h4 25. Rxc7 Qxc7 26. Qc2 Qxc2 27. Nxc2
hxg3 28. fxg3 f5 29. Ne3 a4 30. b3 axb3 31. axb3 f4 32. Nc2 fxg3 33. Nxb4 g5
34. Nc6 Bf6 35. b4 Bxc6 36. dxc6 Bd8 37. Kf1 Kf7 38. Ke2 Ke7 39. Kf3 Bb6 40.
Kxg3 Kd8 41. Kg4 Be3 42. Kf5 Kc7 43. b5 Kb6 44. Ke6 Kc7 45. Bf3 1/2-1/2

[Event "22. Torneo Int. Collado Villalba"]
[Site "Collado Villalba ESP"]
[Date "2005.08.25"]
[Round "6.29"]
[White "Ortega Morales, Pedro"]
[Black "San Juan Rodriguez, Miguel"]
[Result "0-1"]
[WhiteElo "1981"]
[BlackElo "2117"]
[PlyCount "101"]
[EventDate "2005.08.20"]
[EventType "swiss"]
[EventRounds "9"]
[EventCountry "ESP"]
[Source "lmi"]
[SourceDate "2005.08.27"]

1. d4 d5 2. Nf3 Nc6 3. Bf4 Nf6 4. e3 Bg4 5. Nbd2 a6 6. h3 Bf5 7. c3 g6 8. Ne5
Nxe5 9. Bxe5 Bg7 10. Be2 O-O 11. g4 Be6 12. Bd3 Ne8 13. Bg3 Nd6 14. Qe2 c6 15.
Nb3 Re8 16. O-O-O a5 17. a4 b6 18. Nd2 c5 19. dxc5 bxc5 20. Nb1 Qb6 21. Bc2 d4
22. Bxd6 exd6 23. exd4 Bh6+ 24. Nd2 Bd7 25. Qc4 Rab8 26. b3 cxd4 27. Qxd4 Qxd4
28. cxd4 Bc6 29. Rhe1 Bf3 30. Kb1 Bxd1 31. Rxd1 Re2 32. Ne4 d5 33. Nf6+ Kg7 34.
Nxd5 Rxf2 35. h4 Bf4 36. h5 Rd8 37. Nb6 Rd2 38. d5 Rxd1+ 39. Bxd1 Rd6 40. Nc4
Rxd5 41. Bf3 Rd3 42. Be2 Rxb3+ 43. Kc2 Rb4 44. Nxa5 Rxa4 45. Nc4 Ra8 46. hxg6
hxg6 47. Kd3 Re8 48. Bf3 Kf6 49. Bd5 Re7 50. Bf3 Kg5 51. Bd1 0-1

[Event "22. Torneo Int. Collado Villalba"]
[Site "Collado Villalba ESP"]
[Date "2005.08.26"]
[Round "7.1"]
[White "Neelotpal, Das"]
[Black "Moreno Ruiz, Javier"]
[Result "1/2-1/2"]
[WhiteElo "2467"]
[BlackElo "2503"]
[PlyCount "107"]
[EventDate "2005.08.20"]
[EventType "swiss"]
[EventRounds "9"]
[EventCountry "ESP"]
[Source "lmi"]
[SourceDate "2005.08.27"]

1. e4 e5 2. Nf3 Nc6 3. Bb5 a6 4. Ba4 Nf6 5. O-O Be7 6. Re1 b5 7. Bb3 d6 8. c3
O-O 9. h3 Na5 10. Bc2 c5 11. d4 Qc7 12. Nbd2 cxd4 13. cxd4 Rd8 14. b3 Nc6 15.
Bb2 exd4 16. Nxd4 Nxd4 17. Bxd4 Be6 18. Rc1 Qa5 19. Bb1 d5 20. e5 Ne4 21. Nf3
Rac8 22. Qd3 Bb4 23. Red1 Qa3 24. Be3 g6 25. Nd4 Nc3 26. Rf1 Nxb1 27. Qxb1 Bc3
28. Qd3 b4 29. Bh6 Qb2 30. Rc2 Bxd4 31. Rxb2 Bxb2 32. Bg5 Rd7 33. Bf6 Bc1 34.
Qxa6 Rdc7 35. Qb6 Bd2 36. Qd4 Rc2 37. Be7 Bc3 38. Qf4 Re2 39. Bf6 Kf8 40. Rd1
h5 41. Bg5 Re4 42. Qg3 Bxe5 43. Qd3 Ra8 44. Qc2 Rc8 45. Qd2 Bc3 46. Qd3 Kg8 47.
Rc1 Kh7 48. Be3 Re5 49. Bf4 Re4 50. Bg5 Rc5 51. Be7 Rc7 52. Bd6 Rd7 53. Bc5 Bf5
54. Qb5 1/2-1/2

[Event "22. Torneo Int. Collado Villalba"]
[Site "Collado Villalba ESP"]
[Date "2005.08.26"]
[Round "7.2"]
[White "Timoshenko, Georgy"]
[Black "Zambrana, Oswaldo"]
[Result "1-0"]
[WhiteElo "2543"]
[BlackElo "2421"]
[PlyCount "111"]
[EventDate "2005.08.20"]
[EventType "swiss"]
[EventRounds "9"]
[EventCountry "ESP"]
[Source "lmi"]
[SourceDate "2005.08.27"]

1. e4 c5 2. Nf3 Nc6 3. d4 cxd4 4. Nxd4 Nf6 5. Nc3 e5 6. Ndb5 d6 7. Bg5 a6 8.
Na3 b5 9. Nd5 Be7 10. Bxf6 Bxf6 11. c3 O-O 12. Nc2 Bg5 13. a4 bxa4 14. Rxa4 a5
15. Bc4 Rb8 16. Ra2 Kh8 17. Nce3 g6 18. h4 Bxh4 19. g3 Bg5 20. f4 exf4 21. gxf4
Bh4+ 22. Kf1 f5 23. b4 fxe4 24. Rah2 g5 25. b5 Ne5 26. Qd4 Rb7 27. Rxh4 gxh4
28. Ke1 Rg7 29. fxe5 h3 30. Kd2 Rf2+ 31. Be2 Qg5 32. Nf6 Qxe5 33. Qxe5 dxe5 34.
Nxe4 Rf4 35. Nc5 Rc7 36. Nd3 Rd7 37. Kc2 Ra4 38. Bg4 Rxg4 39. Nxg4 Rb7 40.
Ngxe5 Rxb5 41. Nf7+ Kg7 42. Nd6 Rb8 43. Nxc8 Rxc8 44. Rxh3 Kg6 45. Ne5+ Kf6 46.
Nd7+ Kg6 47. Nb6 Rc5 48. Kd3 h5 49. Kd4 Rc6 50. Nd5 Ra6 51. Nf4+ Kg5 52. Nxh5
a4 53. Rh1 Rd6+ 54. Kc4 a3 55. Ng3 Rc6+ 56. Kb3 1-0

[Event "22. Torneo Int. Collado Villalba"]
[Site "Collado Villalba ESP"]
[Date "2005.08.26"]
[Round "7.3"]
[White "Rivas Pastor, Manuel"]
[Black "Vazquez, Renier"]
[Result "1/2-1/2"]
[WhiteElo "2445"]
[BlackElo "2496"]
[PlyCount "63"]
[EventDate "2005.08.20"]
[EventType "swiss"]
[EventRounds "9"]
[EventCountry "ESP"]
[Source "lmi"]
[SourceDate "2005.08.27"]

1. c4 e6 2. d4 Nf6 3. Nf3 d5 4. Nc3 Be7 5. Bg5 O-O 6. Rc1 h6 7. Bh4 Ne4 8. Bxe7
Qxe7 9. cxd5 Nxc3 10. Rxc3 exd5 11. Qc2 c6 12. e3 Bg4 13. Ne5 Be6 14. Bd3 Nd7
15. Nxd7 Bxd7 16. O-O f5 17. g3 g5 18. b4 a6 19. a4 Qf6 20. f4 Rae8 21. Qf2 Qe7
22. Bc2 Kg7 23. Rb1 Qd6 24. Kf1 g4 25. Bd3 b5 26. Ke2 h5 27. Kd2 Rh8 28. a5 h4
29. Rcb3 Qh6 30. Bf1 hxg3 31. hxg3 Qh2 32. Ke2 1/2-1/2

[Event "22. Torneo Int. Collado Villalba"]
[Site "Collado Villalba ESP"]
[Date "2005.08.26"]
[Round "7.5"]
[White "Suba, Mihai"]
[Black "Martin Rueda, Daniel"]
[Result "1-0"]
[WhiteElo "2520"]
[BlackElo "2279"]
[PlyCount "105"]
[EventDate "2005.08.20"]
[EventType "swiss"]
[EventRounds "9"]
[EventCountry "ESP"]
[Source "lmi"]
[SourceDate "2005.08.27"]

1. c4 e5 2. g3 Nc6 3. Nc3 g6 4. d3 d6 5. Bg2 Bg7 6. e4 h5 7. h3 Be6 8. Nf3 Nd4
9. Nxd4 exd4 10. Ne2 Ne7 11. b4 Qc8 12. Rb1 O-O 13. a4 Re8 14. Nf4 Bd7 15. b5
c6 16. O-O Be5 17. h4 Bg4 18. Qb3 c5 19. Bd2 Rf8 20. Kh2 Bg7 21. Rbe1 Rb8 22.
f3 Bd7 23. Re2 Kh8 24. Rfe1 Qc7 25. a5 Rbe8 26. Nh3 Ng8 27. b6 axb6 28. axb6
Qc6 29. Ra1 Ra8 30. Ree1 Ne7 31. f4 Rxa1 32. Rxa1 Nc8 33. Ng5 f6 34. e5 Qxb6
35. Qxb6 Nxb6 36. exf6 Bxf6 37. Rb1 Bxg5 38. hxg5 Na4 39. Rxb7 Bf5 40. Ba5 Bxd3
41. Bc7 Bxc4 42. Bxd6 Re8 43. Be5+ Kg8 44. Bc6 Bf7 45. Bxa4 Ra8 46. Rb8+ Rxb8
47. Bxb8 d3 48. Bd6 c4 49. Bb4 Bd5 50. Be8 Bf7 51. Bd7 Bd5 52. f5 Kf7 53. f6
1-0